[Event "Interzonal-16"]
[Site "Biel"]
[Date "1993.??.??"]
[Round "13"]
[White "Anand, Viswanathan"]
[Black "Epishin, Vladimir"]
[Result "1/2-1/2"]
[WhiteElo "2725"]
[BlackElo "2655"]
[Annotator "Anand,V"]
[PlyCount "80"]
[EventDate "1993.07.16"]
[EventType "swiss"]
[EventRounds "13"]
[EventCountry "SUI"]
[SourceTitle "CBM 037"]
[Source "ChessBase"]
[SourceDate "1993.12.01"]
[SourceVersion "1"]
[SourceVersionDate "1993.12.01"]
[SourceQuality "1"]

1. e4 c6 2. d4 d5 3. Nd2 dxe4 4. Nxe4 Nd7 5. Bc4 Ngf6 6. Ng5 e6 7. Qe2 Nb6 8.
Bb3 h6 9. N5f3 a5 10. c3 a4 11. Bc2 Nbd5 (11... c5) 12. Bd2 Qb6 $1 13. Rb1 (13.
O-O-O $6 c5 {/\ a3|^}) 13... c5 14. dxc5 Bxc5 15. Ne5 O-O 16. Ngf3 Qc7 17. O-O
b6 18. Rbc1 Bb7 19. Rfe1 Rfd8 (19... Bd6 $5 20. Bb1 (20. Nd4 Ba6) 20... Rfd8
21. Nd4 Ba6 22. c4 Bxe5 23. Qxe5 Qxe5 24. Rxe5 Nf4 25. Be3 Ng4 $1 $10) 20. Nd4
Bxd4 (20... Ba6 $5 21. Qf3 (21. Nb5 Bxb5 22. Qxb5 Bd6 23. Nf3 a3 24. b4 Bf4 $10
) 21... Bd6 22. Ndc6 Bb5 23. Nxd8 Bxe5 24. c4 Bxc4 25. Bd3 b5 26. b3 axb3 27.
axb3 Rxd8 28. bxc4 bxc4 29. Bxc4 Qd6 30. g3 Bd4 {/\ e5+/=}) 21. cxd4 Qd6 22.
Qf3 $1 $14 Ra7 23. a3 Ba8 24. Qh3 (24. Qg3 $5 Nh5 25. Qh4) 24... Qf8 $1 (24...
Ne7 $2 25. Qg3 Nf5 26. Bxf5 exf5 27. Bxh6 Nh5 28. Qg5 $18) 25. Bb1 Rc8 26. Qd3
Rcc7 $1 27. Rxc7 (27. f3 {/\ g4}) (27. h4 $142 $14) 27... Rxc7 28. Qa6 $6 (28.
Qb5 Qe8) (28. Rc1 Rxc1+ 29. Bxc1 {/\ f3, g4, h4+/=}) 28... Qe8 29. Rc1 Bb7 30.
Qd3 Rxc1+ 31. Bxc1 Ne7 $1 $10 32. f3 Qc8 33. Bd2 Ba6 34. Qc3 Nfd5 35. Qxc8+
Nxc8 36. Ba2 f6 37. Nc6 Kf7 38. Kf2 Bb5 39. Nb4 Nce7 40. Nxd5 Nxd5 1/2-1/2

[Event "Interzonal-16"]
[Site "Biel"]
[Date "1993.??.??"]
[Round "5"]
[White "Anand, Viswanathan"]
[Black "Khalifman, Alexander"]
[Result "1-0"]
[WhiteElo "2725"]
[BlackElo "2645"]
[Annotator "Anand,V"]
[PlyCount "123"]
[EventDate "1993.07.16"]
[EventType "swiss"]
[EventRounds "13"]
[EventCountry "SUI"]
[SourceTitle "CBM 037"]
[Source "ChessBase"]
[SourceDate "1993.12.01"]
[SourceVersion "1"]
[SourceVersionDate "1993.12.01"]
[SourceQuality "1"]

1. e4 c6 2. d4 d5 3. Nd2 dxe4 4. Nxe4 Nd7 5. Bc4 Ngf6 6. Ng5 e6 7. Qe2 Nb6 8.
Bb3 h6 9. N5f3 c5 10. Bf4 Nbd5 11. Be5 (11. Bd2 $5) 11... Qa5+ 12. Nd2 cxd4 13.
Ngf3 Be7 14. Nxd4 O-O 15. O-O-O $1 (15. O-O $6) 15... Bd7 (15... Nc3 16. bxc3
Qxc3 17. Nb5 $18) (15... Nd7 16. Bg3 Nc3 17. bxc3 Qxc3 18. Nb1 $1 $18) 16. Kb1
Qb6 $1 (16... Ba4 $5) 17. c4 Nb4 18. Ne4 Nxe4 19. Qxe4 Bc5 $6 (19... Rfd8 $5
20. Qg4 Bf8) 20. Nc2 $1 Bc6 21. Qg4 f6 22. Bc3 a5 $1 (22... e5 $4 23. Nxb4 Bxb4
24. c5+ $18) (22... Rae8 23. Nxb4 Bxb4 24. c5 Bxc5 25. Bxe6+ Kh8 26. Bf5 $40)
23. Bxb4 axb4 24. Qxe6+ Kh8 25. f3 Rae8 (25... f5 $1 $44 {Khalifman,A}) 26. Qf5
Re2 27. Ne1 $1 Re5 28. Qc2 Be8 29. Ka1 Re3 30. Rd2 Bf7 31. Nd3 Bg6 32. Qd1 Bxd3
33. Rxd3 Rxd3 34. Qxd3 Qd8 $2 (34... Qd6 $1 35. Qf5 Qe5 $14) 35. Qf5 Qc8 36.
Qg6 Qe8 37. Bc2 $1 $16 {עh8} Qxg6 38. Bxg6 {R 9/j} Rd8 39. Re1 Kg8 40. Kb1 Kf8
41. Kc2 Rc8 42. Kb3 Ra8 43. Re2 Bd6 44. g3 Bc5 45. h4 Bd6 46. h5 Bc5 47. Re6 $1
Kg8 48. Be4 Rb8 49. Ka4 Kf7 50. Bd5 (50. Bf5 {(Khalifman,A) /\} Re8 51. Kb5 $18
) 50... Kf8 51. Kb5 b6 52. Rc6 Re8 53. Rxb6 $1 $18 Bxb6 54. Kxb6 Re2 55. c5 Ke7
56. Bb3 $1 (56. Bc4 Rxb2 $1 57. c6 Rc2) 56... Kd7 57. Bc4 $1 Re5 (57... Rxb2
58. c6+ $18) 58. f4 Re7 59. f5 $1 Kc8 60. c6 Kb8 61. Be6 Ra7 62. a3 (62. a3
bxa3 63. bxa3 Rc7 64. a4 Ra7 65. a5 Rc7 66. a6 Ra7 67. Bc8 Kxc8 68. Kxa7 Kc7
69. g4 $18) 1-0

[Event "RUS-ch 65th"]
[Site "Moscow"]
[Date "2012.08.09"]
[Round "6"]
[White "Andreikin, Dmitry"]
[Black "Sjugirov, Sanan"]
[Result "1-0"]
[WhiteElo "2715"]
[BlackElo "2635"]
[Annotator "Andreikin,D"]
[PlyCount "45"]
[EventDate "2012.08.03"]
[EventType "tourn"]
[EventRounds "9"]
[EventCountry "RUS"]
[EventCategory "18"]
[SourceTitle "CBM 150"]
[Source "ChessBase"]
[SourceDate "2012.09.14"]
[SourceVersion "1"]
[SourceVersionDate "2012.09.14"]
[SourceQuality "1"]

1. e4 {This game was played after the rest day. I was full of energy and
wanted to play aggressively, so I chose 1.e4. Diese Partie wurde nach dem
Ruhetag ausgetragen. Ich war voller Energie und wollte aggressiv spielen,
daher wählte ich 1.e4.} c6 {A small surprise. More often, Sanan chooses the
Najdorf Sicilian.  Eine kleine Überraschung. Häufiger wählt Sanan den
Najdorf-Sizilianer.} 2. d4 d5 3. Nd2 {This time, the move was a surprise for
my opponent. Usually I play the Panov, whilst in my last game, in the
Macedonian League, I chose 3.f3 and stood worse after 10 moves. Diesmal war es
eine Überraschung für meinen Gegner. Gewöhnlich spiele ich Panov, während ich
in meiner letzten Partie, in der mazedonischen Liga, 3.f3 wählte und nach 10
Zügen schlechter stand.} dxe4 4. Nxe4 Nd7 {The other possibility is 4...Bf5.
Die andere Möglichkeit lautet 4...Bf5.} 5. Bc4 $5 {The main line is Das
Hauptabspiel ist} (5. Ng5 Ngf6 6. Bd3 e6 (6... h6 $2 7. Ne6 $1 Qa5+ 8. Bd2 $16)
7. Qe2 Bd6 8. N1f3 h6 9. Ne4 Nxe4 10. Qxe4 Qc7 11. Qg4 Kf8 12. O-O b6 13. b3
Bb7 14. Bb2 Nf6 15. Qh4 Nd5 16. Rfe1 Nf4 17. Rad1 f6 $132 {6 years ago, I won
this position, as Black, against Sana's trainer, Andrey Zontakh. 6 Jahre zuvor
gewann ich diese Stellung, als Schwarzer, gegen Sanas Trainer Andrey Zontakh.})
5... Ngf6 6. Ng5 e6 7. Qe2 {A cunning move. Now Black has to put his knight on
b6, where it brings few benefits. Ein schlauer Zug. Nun muss Schwarz seinen
Springer nach b6 stellen, wo er wenig Nutzen bringt.} Nb6 8. Bd3 h6 {Black can
take on d4, but it looks extremely dangerous. Schwarz kann auf d4 nehmen, aber
es sieht extrem gefährlich aus.} (8... Qxd4 $6 9. N1f3 Qd5 $8 (9... Qd8 $4 10.
Ne5 $18) 10. O-O $5 (10. Ne5 $6 Qxg2 11. Rf1 Bc5 12. Nexf7 O-O 13. Qh5 $1 g6
14. Nh6+ Kg7 15. Qh4 e5 16. Be3 Bxe3 17. fxe3 e4 18. Be2 Nfd5 19. Nhf7 h5 $8
20. Bxh5 Nxe3 21. Be2 Qh3 $1 22. Qxe4 Qh4+ $1 23. Qxh4 Ng2+ 24. Kd2 Nxh4 25.
Bd3 $11) 10... h6 11. c4 Qa5 12. Ne4 Nxe4 13. Qxe4 Nd7 14. Bc2 Be7 15. Bd2 Qb6
16. Bc3 Bf6 17. Rad1 Bxc3 18. bxc3 Nc5 (18... Nf6 19. Qd3 O-O 20. Ne5 $40) 19.
Qh4 $40) 9. N5f3 c5 $1 {The correct reaction. With the bishop on c8, Black's
position looks too passive, so he must do something active. Die korrekte
Reaktion. Mit dem Läufer auf c8 wirkt die Stellung von Schwarz zu passiv,
daher muss er etwas Aktives tun.} 10. dxc5 $6 {I played this move quickly, but
I am far from sure it is best. The alternatives were 10.c3 or 10.Be3 as in the
game below: Diesen Zug spielte ich schnell, bin aber bei weitem nicht sicher,
dass er der beste ist. Die Alternativen waren 10.c3 oder 10.Be3 wie in der
Partie unten:} (10. Be3 a6 11. c4 cxd4 12. Bxd4 Bb4+ 13. Kf1 Nbd7 14. Rd1 Bd6
15. Ne5 Nxe5 16. Bxe5 Bxe5 17. Qxe5 Bd7 18. Nf3 O-O 19. Ke2 Qb6 20. Qd4 Qa5 21.
Ne5 Rfd8 22. Qc3 Qxc3 23. bxc3 Rac8 24. Rb1 Rc7 25. Rhd1 Kf8 26. Bc2 Ke7 27.
Rd4 Be8 28. f4 Rb8 29. g3 Rc5 30. Rbd1 Rbc8 31. Bb3 R5c7 32. R1d2 Nd7 33. Ng4
Nb8 34. Ne3 Nc6 35. Re4 Kf8 36. f5 Bd7 37. fxe6 Bxe6 38. c5 Nd8 39. Red4 Ke8
40. Ba4+ Ke7 41. Re4 Rxc5 42. Nd5+ Rxd5 43. Rxd5 b5 44. Bb3 Rxc3 45. Rd2 Nc6
46. Re3 Rc5 47. Rd5 Rc1 48. Rd1 Rxd1 49. Kxd1 Kd6 50. Bxe6 fxe6 51. Rd3+ Ke7
52. Rc3 Kd6 53. Rd3+ Kc7 54. Rf3 Kd6 55. Rd3+ Ke7 56. Rc3 Kd6 57. Rd3+ {
1/2 Kasimdzhanov,R (2672)-Bologan,V (2645)/Tomsk 2006/}) 10... Bxc5 $2 {
This natural move is the start of all Black's problems. It is necessary to put
the knight on c5, after which the bishop d3 is uncomfortable. Dieser
natürliche Zug ist der Beginn aller Probleme von Schwarz. Nötig ist es, den
Springer nach c5 zu stellen, wonach der Läufer d3 unbequem steht.} (10... Nbd7
$1 {Then the following interesting variation is possible: Dann ist die
folgende interessante Variante möglich:} 11. Nh3 $5 Nxc5 (11... Bxc5 $5 $11)
12. O-O Nxd3 13. Rd1 $1 g5 14. Ne5 $5 Qc7 15. Qxd3 Be7 16. f4 $40) 11. Ne5 $1 {
Now the white knight seizes the centre. White has a very comfortable position
with many possibilities. Nun besetzt der weiße Springer das Zentrum. Weiß hat
eine sehr bequeme Stellung mit vielen Möglichkeiten.} O-O {The attempt to
improve his position with tactics fails: Der Versuch, seine Stellung mit
Taktik zu verbessern, scheitert:} (11... Nbd7 12. Ngf3 Nxe5 13. Nxe5 Qa5+ 14.
Bd2 Bxf2+ 15. Kf1 Qd5 (15... Qc7 16. Ng6 $1 $16) 16. Ng6 $1 fxg6 17. Bxg6+ Ke7
18. Kxf2 Qd4+ 19. Kg3 $1 h5 20. h4 $16) 12. Ngf3 a6 $2 {Losing a valuable
tempo. I think this is the decisive mistake. Black has to settle for passive
play and exchange queens urgently. Verliert ein kostbares Tempo. Ich denke,
dies ist der entscheidende Fehler. Schwarz muss sich mit passivem Spiel
begnügen und dringend die Damen tauschen.} (12... Nbd7 13. O-O {I doubt I
would have prepared long castling. Ich bezweifle, ob ich die lange Rochade
vorbereitet hätte.} Nxe5 14. Nxe5 b6 15. Rd1 (15. Qf3 Qd5 $1) 15... Bb7 $5 $14
{Black is ready to give the queen for rook and bishop. White is slightly
better, but no more than that. Schwarz ist bereit, die Dame für Turm und
Läufer zu geben. Weiß steht leicht besser, mehr aber auch nicht.}) 13. g4 $1 {
I decided to take advantage of the fact that I have not yet castled. After
this energetic move, the black king feels serious discomfort. Ich beschloss,
Nutzen aus der Tatsache zu ziehen, dass ich noch nicht rochiert habe. Nach
diesem energischen Zug verspürt der schwarze König ernstes Unwohlsein.} Nbd5 {
Analysing the game, I failed to find a satisfactory defence for Black: Bei
Analysieren der Partie vermochte ich es nicht, eine befriedigende Verteidigung
für Schwarz zu finden.:} (13... Nbd7 $5 14. g5 hxg5 15. Bxg5 Qa5+ (15... Qb6
16. O-O-O $40) 16. Kf1 $40) (13... Nfd5 14. g5 f6 15. gxh6 $1 fxe5 16. Rg1 $18)
(13... Nfd7 14. g5 h5 15. Qe4 f5 16. gxf6 Nxf6 17. Qg6 Qe8 18. Qg5 $18) 14. Rg1
$1 {I like this move. For the moment, I hold back the threat of g4-g5 and wait
to see what Black will play. The direct variation Dieser Zug geällt mir. Für
den Moment halte ich die Drohung g4-g5 zurück und warte ab, was Schwarz
spielen wird. Die direkte Variante} (14. g5 hxg5 15. Bxg5 {also gives White
good chances of a successful attack. gibt Weiß ebenfalls gute Chancen auf
einen erfolgreichen Angriff.}) 14... Bb4+ 15. Kf1 (15. c3 $4 Nxc3) 15... Be7 {
I was sure Sana would choose exactly this idea.  Ich war sicher, dass Sana
genau diese Idee wählen würde.} 16. g5 hxg5 17. Nxg5 {This is the point of my
last move. Now I can take with the knight, after which all the white pieces
take part in the attack. Just looking at the position is enough to make it
clear that Black cannot hold for long. Dies ist die Pointe meines letzten
Zuges. Jetzt kann ich mit dem Springer nehmen, wonach alle weißen Figuren am
Angriff teilnehmen. Ein einfacher Blick auf die Stellung reicht aus, um
klarzumachen, dass Schwarz sich nicht lange halten kann.} Bd6 18. Nh7 $1 Qc7 {
After this move, Black comes under a mating attack. It was only possible to
prolong resistance at the cost of a rook. Nach diesem Zug gerät Schwarz in
einen Mattangriff. Die Verlängerung des Widerstands war nur auf Kosten eines
Turmes möglich.} (18... Bxe5 19. Qxe5 g6 20. Nxf8 $18 {However, even here it
is clear that Black can resign. Doch selbst hier ist klar, dass Schwarz
aufgeben kann.}) (18... Nxh7 19. Bxh7+ Kxh7 20. Qh5+ Kg8 21. Rxg7+ Kxg7 22.
Bh6+ $18) 19. Bh6 $1 {At first I calculated a simpler win: Zunächst berechnete
ich einen einfacheren Gewinn:} (19. Nxf6+ Nxf6 20. Bh6 Ne8 21. Bxg7 Nxg7 22.
Rxg7+ Kxg7 23. Qg4+ Kf6 {but here I could not find a mate: , aber hier konnte
ich kein Matt finden:} 24. Qh4+ Kxe5 25. c4 $5 Qa5 $8 26. Qg5+ f5 27. Qg7+ Rf6
28. Qg3+ f4 29. Qg5+ Rf5 30. Qg7+ Rf6 31. Qg5+ Rf5 $11) 19... Ne8 (19... g6 20.
Nxf6+ Nxf6 21. Nxg6 fxg6 22. Rxg6+ $18) 20. Bxg7 $1 {Now there follows a
series of forcing moves, at the end of which Black is mated. Nun folgt eine
Serie forcierender Züge, an deren Ende Schwarz mattgesetzt wird.} Nxg7 21.
Rxg7+ Kxg7 22. Qg4+ Kh8 23. Nf6 $1 {Mate in 10 is unavoidable. It is so simple
that my opponent preferred to resign at once. Matt in 10 ist unvermeidlich. Es
ist so einfach, dass mein Gegner lieber sofort aufgab.} (23. Nf6 Nxf6 (23...
Rd8 24. Qh5+ Kg7 25. Qg5+ Kf8 26. Qg8+ Ke7 27. Qxf7#) (23... Ne7 24. Qh5+ Kg7
25. Qh7+ Kxf6 26. Ng4+ Kg5 27. Qh6+ Kxg4 28. h3+ Kf3 29. Qe3#) 24. Qh4+ Kg8 25.
Qg5+ Kh8 26. Qxf6+ Kg8 27. Qg5+ Kh8 28. Qh6+ Kg8 29. Qh7#) 1-0

[Event "Interzonal-14a"]
[Site "Subotica"]
[Date "1987.??.??"]
[Round "3"]
[White "Tal, Mihail"]
[Black "Speelman, Jonathan S"]
[Result "1-0"]
[WhiteElo "2605"]
[BlackElo "2550"]
[Annotator "Blatny,P"]
[PlyCount "56"]
[EventDate "1987.06.??"]
[EventType "tourn"]
[EventRounds "17"]
[EventCountry "YUG"]
[EventCategory "11"]
[SourceTitle "CBM 003"]
[Source "ChessBase"]
[SourceDate "1988.04.01"]
[SourceVersion "1"]
[SourceVersionDate "1988.04.01"]
[SourceQuality "1"]

1. e4 c6 2. d4 d5 3. Nd2 dxe4 4. Nxe4 Nd7 5. Bc4 Ngf6 6. Ng5 e6 7. Qe2 Nb6 8.
Bb3 h6 9. N5f3 a5 10. a3 Be7 11. Bd2 $1 Nbd5 $6 12. c4 Nc7 13. Bc2 O-O $6 (
13... b5 14. Ne5 Bb7 15. c5 Ncd5 16. Ngf3 $16) 14. Ne5 $5 Qxd4 15. Bc3 (15.
O-O-O Bxa3 $1 $13) 15... Qd8 16. Ngf3 (16. Rd1 $1 Qe8 $8 17. Qd3 $14) 16...
Nce8 17. g4 b5 18. g5 $1 (18. Nxc6 $5 Qc7 19. cxb5 $16) 18... hxg5 19. Nxg5 Ra6
20. Qf3 b4 21. Qh3 $1 g6 22. Bxg6 bxc3 (22... fxg6 23. Nxg6 Kg7 24. Qh7#) 23.
Nexf7 Qd2+ 24. Kf1 Rxf7 25. Bxf7+ $1 (25. Nxf7 $2 Kf8 $1 26. Qh8+ Ng8 27. Bh7
Nef6 28. Rg1 Bc5 $1 $13) 25... Kg7 26. Rg1 {/\Nf3+} Qxg5 (26... cxb2 27. Nf3+
Ng4 28. Qxg4+ Bg5 29. Rb1 Qd3+ 30. Kg2 $18) 27. Rxg5+ Kxf7 28. bxc3 $1 e5 1-0

[Event "Dos Hermanas"]
[Site "Dos Hermanas"]
[Date "1993.??.??"]
[Round "5"]
[White "Khalifman, Alexander"]
[Black "Epishin, Vladimir"]
[Result "1/2-1/2"]
[WhiteElo "2630"]
[BlackElo "2620"]
[Annotator "Blatny,P"]
[PlyCount "50"]
[EventDate "1993.04.??"]
[EventType "tourn"]
[EventRounds "9"]
[EventCountry "ESP"]
[EventCategory "14"]
[SourceTitle "CBM 036"]
[Source "ChessBase"]
[SourceDate "1993.10.01"]
[SourceVersion "1"]
[SourceVersionDate "1993.10.01"]
[SourceQuality "1"]

1. e4 c6 2. d4 d5 3. Nd2 dxe4 4. Nxe4 Nd7 5. Ng5 Ngf6 6. Bd3 e6 7. N1f3 Bd6 8.
Qe2 h6 9. Ne4 Nxe4 10. Qxe4 Qc7 11. Bd2 (11. Qg4 $6 Kf8 12. O-O c5 $1 13. b3 $6
(13. c3 $142) 13... cxd4 (13... e5 14. dxc5 Nxc5 15. Bf5 $1 h5 16. Qh3 Ne6 $13
{Gelfand,B-Speelman,J/Muenchen/1992/}) 14. Qxd4 Ne5 15. Bb2 Nxf3+ 16. gxf3
Bxh2+ 17. Kg2 f6 $1 $17) 11... b6 12. Qg4 Kf8 (12... g5 $142 $1 {--> Sion
Castro-Karpov}) 13. O-O-O $5 (13. Qe4 Bb7 14. Qe2 c5 $36) 13... Bb7 14. Rhe1
Rd8 (14... c5 15. dxc5 (15. Bc3 $6 Nf6 16. Qh4 Bf4+ 17. Kb1 Bxf3 18. gxf3 Nd5
$15) 15... Nxc5 16. Bc3 $1 Nxd3+ 17. Rxd3 Bf4+ $8 18. Kb1 $40 Rh7 19. g3 $1 Bg5
20. Nxg5 hxg5 21. Qxg5 $16) 15. Kb1 (15. c4 $6 c5 16. Bc3 (16. dxc5 Nxc5 17.
Bc3 (17. Bc2 $15) 17... f5 $1 18. Qg6 Bf4+ $17) 16... Nf6 17. Qh4 Bxf3 {
/\Bf4-/+}) 15... Nf6 16. Qh4 Ke7 $1 {/\g5-g4} 17. Ne5 c5 18. f4 (18. Ng4 cxd4
$10) (18. Bc3 g5 19. Qh3 Nd5 (19... Bxe5 $142 20. dxe5 Ne4 21. Bxe4 $8 Bxe4 $13
) 20. Ng6+ $1 fxg6 21. Qxe6+ Kf8 22. dxc5 Nxc3+ 23. bxc3 Bxc5 (23... Be7 24.
Bxg6 $18) 24. Qf6+ Kg8 25. Qxg6+ Kf8 26. Qf6+ Kg8 27. Bc4+ Kh7 28. Rd6 $3 Bxd6
(28... Rxd6 29. Re7+ Qxe7 30. Qxe7+ Kg6 31. Qf7#) 29. Re6 $1 $18) 18... cxd4
19. g4 (19. Re2 $5 {/\Rde1->}) 19... g5 $1 20. Qf2 (20. fxg5 hxg5 21. Qxg5 Rdg8
22. Qf4 Rxg4 $19) 20... Rhg8 (20... Bxe5 21. fxe5 Nxg4 22. Bb4+ $1 Ke8 23. Qf1
$44 Ne3 $140 $2 24. Bb5+ Bc6 25. Qf6 Kd7 (25... Bxb5 26. Qxh8+ Kd7 27. Rxd4+
$18) 26. Bd6 $1 Qb7 27. Ba6 $1 $18) 21. h3 a5 (21... Nd5 $142 $36) 22. Re2 Nd5
23. Rde1 (23. Nxf7 $5 Kxf7 24. fxg5+ Ke7 $13) 23... Ne3 $5 24. Bxe3 dxe3 25.
Qxe3 (25. Rxe3 $2 Bc5 26. fxg5 Qxe5 $19) 25... Qc5 $13 1/2-1/2